Statistics for Rocket League: Stadiums

Click here to take the quiz!

General Stats

  • This quiz has been taken 67 times
  • The average score is 9 of 17

Answer Stats

HintStadium% Correct
OriginalDFH Stadium
77%
OriginalMannfield
75%
OriginalChampions Field
72%
OriginalBeckwith Park
70%
OriginalAqua Dome
63%
BasketballDunk House
63%
OriginalNeo Tokyo
60%
DropshotCore 707
55%
OriginalStarbase Arc
48%
OriginalUrban Central
48%
OriginalWasteland
45%
Rocket LabsDouble Goal
43%
Rocket LabsPillars
42%
Rocket LabsOctagon
38%
OriginalUtopia Coliseum
38%
Rocket LabsUtopia Retro
27%
Rocket LabsCosmic
25%

Score Distribution

Percentile by Number Answered

Percent of People with Each Score

Your Score History

You have not taken this quiz